000 00914nas a2200277 4500
001 BR2010002703
003 BR-BrBNA
005 20231205114238.0
007 ta
008 230509b bl.|||p| |||| 00| 00por d
040 _aBR-BrBNA
_bpor
_cBiblioteca Nacional de Agricultura
041 _a(Pt)
072 _aF40
100 1 _aZuchiwschi, E.
100 1 _aFantini, A.C.
100 1 _aAlves, A.C.
100 1 _aPeroni, N.
245 1 _aLimitações ao uso de espécies florestais nativas pode contribuir com a erosão do conhecimento ecológico tradicional e local de agricultores familiares
650 _aETNOBOTANICA
650 _aECOLOGIA FLORESTAL
650 _aAGRICULTURA FAMILIAR
650 _aLEGISLAÇÃO
773 0 _tActa Botanica Brasilica (Brazil)
_xISSN 0102-3306
_g(Jan-Mar 2010), v. 24(1) p. 270-282
_wBR2010002703
909 _a202311
_bLúcia
_c55
_dLúcia Elande
942 _2AGRIS
_n0
_cANA
999 _c207799
_d207799